000 00645nam a2200241Ia 4500
003 OSt
005 20220918222503.0
006 a|||||r|||| 00| 0
007 ta
008 220917b |||||||| |||| 00| 0 eng d
024 _a217,070
037 _cTextual
040 _aARTS
_cARTS
_beng
041 _2eng
_aeng
082 _aV591.K50<-H, P2
100 _aImber Colin
_9143305
245 0 _aOttoman empire 1300-1650
_b the structure of power
260 _aNew York
_bPalgrave
_c2002
300 _axiv, 405p
_ccm.
650 _aHISTORY
942 _hV591.K50<-H, P2
_cTEXL
_2CC
999 _c275691
_d275691